Statistiques concernant Pays avec les plus grandes économies

Cliquez ici pour prendre le quiz!

Statistiques générales

  • Ce quiz a été pris 24 579 fois
    (7 702 depuis la dernière actualisation)
  • Le résultat moyen est 17 sur 20

Statistiques - réponses

PIBPays% Correct
26,7 bChine
99%
22,7 bEtats-Unis
99%
3,23 bFrance
99%
4,74 bAllemagne
97%
4,33 bRussie
97%
1,96 bEspagne
95%
5,59 bJapon
95%
3,17 bRoyaume-Uni
95%
3,33 bBrésil
94%
1,98 bCanada
94%
10,3 bInde
94%
2,61 bItalie
93%
1,42 bAustralie
88%
2,61 bMexique
88%
2,44 bCorée du Sud
80%
1,71 bArabie Saoudite
70%
3,51 bIndonésie
68%
2,75 bTurquie
64%
1,36 bPologne
62%
1,40 bTaïwan
39%

Distribution des résultats

Percentile par nombre de réponses

% des personnes avec chaque résultat

Votre développement - résultats

Vous n’avez pas pris ce quiz depuis la dernière actualisation